Statistics for All of the countries (North America) 1MIN

Click here to take the quiz!

General Stats

  • This quiz has been taken 15 times
  • The average score is 15 of 23

Answers on the Map

Answers color-coded by a green-red scale on the quiz's map according to % correct below.
 

Answer Stats

Answer% Correct
Canada
100%
Mexico
100%
Panama
100%
USA
100%
Haiti
90%
Jamaica
90%
Costa Rica
80%
Cuba
80%
Bahamas
70%
Belize
70%
Dominican Republic
70%
El Salvador
70%
Nicaragua
70%
Guatemala
60%
Trinidad and Tobago
60%
Antigua And Barbuda
50%
Barbados
50%
Honduras
50%
Dominica
40%
Grenada
40%
St Vincent And the Grenadines
40%
St Kitts and Nevis
30%
St Lucia
30%

Score Distribution

Percentile by Number Answered

Percent of People with Each Score

Your Score History

You have not taken this quiz